000 00732cam a2200265 a 4500
005 20260322212029.0
008 data
010 _a 89039636
020 _a0805012303 :
_c{dollar}19.95
020 _a9780805012309 :
_c{dollar}19.95
040 _aDLC
_cDLC
_dDLC
050 0 0 _aPR6065.G75
_bM6 1990
082 0 0 _a823/.914
_220
100 1 _aO'Grady, Timothy.
245 1 0 _aMotherland /
_cTimothy O'Grady.
260 _aNew York :
_bHolt,
_c1990.
300 _a230 p. ;
_c24 cm.
650 0 _aManuscripts, Medieval
_xFiction.
650 0 _aMothers and sons
_xFiction.
650 0 _aMissing persons
_xFiction.
650 0 _aAuthors, Irish
_xFiction.
651 0 _aIreland
_xFiction.
655 7 _aDomestic fiction.
_2lcsh
001 data
999 _c662
_d662